000 01095nam a22002777a 4500
005 20100929120220.0
008 100928t xxu||||| |||| 00| 0 hin d
010 _aHIN-90670
020 _c193.00
_a9788182568334
035 _aHN-63016
037 _bDBAD / PUB
040 _aDPL
_bHN
082 _a920
100 _aजॉनसन, जूलियन पी.
_922145
245 _aमेरा सतगुरु /
_cजूलियन पी.जॉनसन
246 _aMera Satguru
_bby Julion P. Jhonsun
250 _a4था संस्क.
260 _aपंजाब
_bराधास्वामी सत्संग ब्यास
_c2009
270 _aडेरा बाबा जैमल सिंह
_bपंजाब
_e143204
300 _a271पृ.
_c22सेमी (अजिल्द)
_bसचित्र
650 _91169
700 _922273
700 _922352
942 _2ddc
_cHN
_h920
_mजॉनस
999 _c47967
_d47967